Compressible fluid flow

সংরক্ষণ করুন:
গ্রন্থ-পঞ্জীর বিবরন
প্রধান লেখক: Oosthuizen, Patrick H.
বিন্যাস: গ্রন্থ
ভাষা:Undetermined
প্রকাশিত: New York McGraw-Hill 1997
বিষয়গুলি:
ট্যাগগুলো: ট্যাগ যুক্ত করুন
কোনো ট্যাগ নেই, প্রথমজন হিসাবে ট্যাগ করুন!
Thư viện lưu trữ: Trung tâm Học liệu Trường Đại học Cần Thơ
LEADER 00542nam a2200193Ia 4500
001 CTU_61548
008 210402s9999 xx 000 0 und d
020 |c 294000 
082 |a 532.05 
082 |b O.61 
100 |a Oosthuizen, Patrick H. 
245 0 |a Compressible fluid flow 
245 0 |c Patrick H. Oosthuizen and William E. Carscallen 
260 |a New York 
260 |b McGraw-Hill 
260 |c 1997 
650 |a Fluid dynamics,Compressibility 
904 |i MInh,Hải 
980 |a Trung tâm Học liệu Trường Đại học Cần Thơ